Object lessons that teach Bible truths. (Record no. 9950)

000 -LEADER
fixed length control field 00623nam a2200193 a 4500
001 - CONTROL NUMBER
control field :::00007735$&:&@@
003 - CONTROL NUMBER IDENTIFIER
control field OkBaRHE
005 - DATE AND TIME OF LATEST TRANSACTION
control field 20000607103339.0
008 - FIXED-LENGTH DATA ELEMENTS--GENERAL INFORMATION
fixed length control field s1987 j 000 0 eng u
040 ## - CATALOGING SOURCE
Transcribing agency
100 1# - MAIN ENTRY--PERSONAL NAME
Personal name Hendricks, William C. and Bleyker, Merle Den.
245 10 - TITLE STATEMENT
Title Object lessons that teach Bible truths.
260 ## - PUBLICATION, DISTRIBUTION, ETC. (IMPRINT)
Place of publication, distribution, etc Grand Rapids, MI., :
Name of publisher, distributor, etc Baker Book House
Date of publication, distribution, etc 1987
300 ## - PHYSICAL DESCRIPTION
Extent 106 p. ;
Dimensions 20 cm.
650 ## - SUBJECT ADDED ENTRY--TOPICAL TERM
Topical term or geographic name as entry element Object-teaching
700 ## - ADDED ENTRY--PERSONAL NAME
Personal name Bleyker, Merle Den, Joint author.
942 ## - ADDED ENTRY ELEMENTS (KOHA)
Source of classification or shelving scheme
Koha item type Books
Copies
Copy number Damaged status Lost status Withdrawn status Not for loan Permanent Location Full call number Koha item type Price effective from Date last seen Barcode Source of classification or shelving scheme Date acquired Shelving location
1    RHEMA Bible Training CollegeBV 1535 .H4Books2010-04-142010-04-147735 2010-04-14General Stacks